| 000 | 01945nam a2200421 a 4500 | ||
|---|---|---|---|
| 001 | ebr5000328 | ||
| 003 | CaPaEBR | ||
| 006 | m u | ||
| 007 | cr cn||||||||| | ||
| 008 | 990514s2000 enkab sb 001 0 eng | ||
| 010 | _z 99033218 | ||
| 020 | _z0521594553 | ||
| 040 |
_aCaPaEBR _cCaPaEBR |
||
| 035 | _a(OCoLC)52610894 | ||
| 050 | 1 | 4 |
_aDD801.R76 _bI56 2000eb |
| 082 | 0 | 4 |
_a306.2/09434 _221 |
| 100 | 1 | _aInnes, Matthew. | |
| 245 | 1 | 0 |
_aState and society in the early Middle Ages _h[electronic resource] : _bthe middle Rhine valley, 400-1000 / _cMatthew Innes. |
| 260 |
_aCambridge, UK ; _aNew York, NY : _bCambridge University Press, _c2000. |
||
| 300 |
_axvi, 316 p. : _bill., maps. |
||
| 490 | 1 | _aCambridge studies in medieval life and thought | |
| 504 | _aIncludes bibliographical references (p. 268-306) and index. | ||
| 533 |
_aElectronic reproduction. _bPalo Alto, Calif. : _cebrary, _d2013. _nAvailable via World Wide Web. _nAccess may be limited to ebrary affiliated libraries. |
||
| 650 | 0 |
_aPolitical culture _zRhine River Valley _xHistory _yTo 1500. |
|
| 650 | 0 |
_aCities and towns, Medieval _zRhine River Valley. |
|
| 650 | 0 |
_aElite (Social sciences) _zRhine River Valley _xHistory. |
|
| 650 | 0 |
_aChurch and state _zRhine River Valley _xHistory _yTo 1500. |
|
| 650 | 0 |
_aLocal government _zRhine River Valley _xHistory _yTo 1500. |
|
| 650 | 0 |
_aMonasticism and religious orders _zRhine River Valley _xHistory _yMiddle Ages, 600-1500. |
|
| 651 | 0 |
_aRhine River Valley _xSocial conditions. |
|
| 651 | 0 |
_aGermany _xHistory _yTo 843. |
|
| 651 | 0 |
_aFrance _xSocial conditions _yTo 987. |
|
| 651 | 0 |
_aGermany _xReligious life and customs _yMiddle Ages, 843-1517. |
|
| 655 | 7 |
_aElectronic books. _2local |
|
| 710 | 2 | _aebrary, Inc. | |
| 830 | 0 | _aCambridge studies in medieval life and thought. | |
| 856 | 4 | 0 |
_uhttp://site.ebrary.com/lib/rucke/Doc?id=5000328 _zAn electronic book accessible through the World Wide Web; click to view |
| 999 |
_c2760 _d2760 |
||